[Event "SVK-chT2D 2223"]
[Site "Slovakia"]
[Date "2022.11.27"]
[Round "6.8"]
[White "Strakova, Adriana"]
[Black "Polomsky, Tomas"]
[Result "0-1"]
[WhiteElo "1372"]
[BlackElo "1587"]
[PlyCount "98"]
[EventDate "2022.10.08"]
[EventType "team-tourn"]
[EventRounds "11"]
[EventCountry "SVK"]
[SourceTitle "EXT 2024"]
[Source "ChessBase"]
[SourceDate "2023.10.10"]
[SourceVersion "1"]
[SourceVersionDate "2023.10.10"]
[SourceQuality "1"]
[WhiteTeam "Moldava nad Bodvou"]
[BlackTeam "Kosice Slavia UPJS III"]
[WhiteTeamCountry "SVK"]
[BlackTeamCountry "SVK"]

1. d4 d5 2. c4 c6 3. Bf4 Nf6 4. Nc3 Bf5 5. c5 Nbd7 6. e3 Qa5 7. f3 Bg6 8. a3 Nh5 9. b4 Qd8 10. Nge2 Nxf4 11. Nxf4 e5 12. Nxg6 hxg6 13. Ne2 Qc7 14. Ng3 exd4 15. Qxd4 Rxh2 16. Qf4 Qxf4 17. exf4 Rxh1 18. Nxh1 0-0-0 19. Ng3 Be7 20. Kd2 Re8 21. f5 Bh4 22. Ne2 gxf5 23. g3 Bf6 24. Rb1 Ne5 25. Rb3 Nc4+ 26. Kc1 Re3 27. Rxe3 Nxe3 28. Bh3 g5 29. g4 f4 30. Kb1 Nc4 31. Ka2 d4 32. Nc1 Ne5 33. Bg2 d3 34. Nxd3 Nxd3 35. Bf1 Ne5 36. Be2 Kd7 37. Kb3 Ke6 38. b5 Kd5 39. bxc6 bxc6 40. Kb4 Be7 41. a4 Bxc5+ 42. Ka5 Bb6+ 43. Kb4 a5+ 44. Kb3 Kd4 45. Bd1 Ke3 46. Kc3 Nxf3 47. Bc2 Nd4 48. Bd1 Ne2+ 49. Kc4 f3 0-1